| 000 | 00987nam a2200241 a 4500 | ||
|---|---|---|---|
| 003 | DLC | ||
| 005 | 20251127143932.0 | ||
| 008 | 251127c1992 mx|fr|p|r|||| 00| 0 spa d | ||
| 022 | _a1405-7255 | ||
| 035 | _aUPN01000060371 | ||
| 040 |
_aMX-MxUPN _bspa _cMX-MxUPN _eaacr2 |
||
| 245 | 1 | 0 | _aEthos educativo |
| 260 |
_aMichoacán, Morelia, México : _bInstituto Michoacano de Ciencias de la Educación "José Ma.Morelos", _c1992- |
||
| 310 | _aSemestral | ||
| 510 | _aLatindex | ||
| 520 | 1 | _aEs una publicación arbitrada, abierta a todos los interesados en la investigación en el ámbito de las Ciencias de la Educación. Tiene un carácter plural en lo referente a la perspectiva teórica y metodológica adoptada por cada investigador, siempre y cuando refleje resultados rigurosos. | |
| 530 | _aTambién disponible en línea | ||
| 650 | 0 |
_aCiencias de la Educación _956453 |
|
| 902 | _aGloria Jiménez/271125 | ||
| 905 | _aRevista | ||
| 942 | _cREV-I | ||
| 999 |
_c60164 _d60164 |
||